<?xml version="1.0" encoding="UTF-8"?>
<record
    xmlns:xsi="http://www.w3.org/2001/XMLSchema-instance"
    xsi:schemaLocation="http://www.loc.gov/MARC21/slim http://www.loc.gov/standards/marcxml/schema/MARC21slim.xsd"
    xmlns="http://www.loc.gov/MARC21/slim">

  <leader>01451    a2200217   4500</leader>
  <controlfield tag="001">46376</controlfield>
  <controlfield tag="005">20260407155735.0</controlfield>
  <controlfield tag="008">260407a2006    arg                 spa d</controlfield>
  <controlfield tag="003">AR-UNSa-BCEJYS</controlfield>
  <datafield tag="040" ind1=" " ind2=" ">
    <subfield code="a">AR-UNSa-BCEJYS</subfield>
    <subfield code="b">spa</subfield>
    <subfield code="c">AR-UNSa-BCEJYS</subfield>
  </datafield>
  <datafield tag="080" ind1=" " ind2=" ">
    <subfield code="a">303.1</subfield>
    <subfield code="x">Metodolog&#xED;a general en la investigaci&#xF3;n social </subfield>
  </datafield>
  <datafield tag="245" ind1="1" ind2="0">
    <subfield code="a">XII Encuentro de c&#xE1;tedras de ciencias sociales y humanisticas para la ciencias econ&#xF3;micas</subfield>
  </datafield>
  <datafield tag="020" ind1=" " ind2=" ">
    <subfield code="a">978-950-721-315-1</subfield>
  </datafield>
  <datafield tag="264" ind1=" " ind2="1">
    <subfield code="a">San Salvador de Jujuy :</subfield>
    <subfield code="b">Universidad Nacional de Jujuy</subfield>
    <subfield code="c">2006</subfield>
  </datafield>
  <datafield tag="300" ind1=" " ind2=" ">
    <subfield code="a">550 p.</subfield>
    <subfield code="c">21 cm</subfield>
  </datafield>
  <datafield tag="505" ind1=" " ind2=" ">
    <subfield code="a">1. La inserci&#xF3;n de las asignaturas de ciencias sociales en la curr&#xED;cula de las facultades de ciencias econ&#xF3;micas &#x2013; 2. La formaci&#xF3;n de recursos humanos en proyectos de desarrollo social &#x2013; 3. El aporte en las c&#xE1;tedras de ciencias sociales en la generaci&#xF3;n y transferencia del conocimiento &#x2013; 4. Desarrollo social, pol&#xED;tico y econ&#xF3;mico &#x2013; 5. Las transformaciones en el mundo del trabajo y las nuevas respuestas sindicales &#x2013; 6. Las organizaciones como espacio de (re)construcci&#xF3;n social &#x2013; 7. Simposio desarrollo e industrialismo &#x2013; 8. Simposio estado y pol&#xED;ticas p&#xFA;blicas en Argentina (1946-1976). M&#xFA;ltiples miradas en el campo sociocultural, pol&#xED;tico y econ&#xF3;mico.  </subfield>
  </datafield>
  <datafield tag="942" ind1=" " ind2=" ">
    <subfield code="c">BK</subfield>
  </datafield>
  <datafield tag="590" ind1=" " ind2=" ">
    <subfield code="a">niveau_biblio:m niveau_hierar:0</subfield>
  </datafield>
  <datafield tag="100" ind1="1" ind2=" ">
    <subfield code="a">Universidad Nacional de Salta, Facultad de Ciencias Econ&#xF3;micas</subfield>
  </datafield>
  <datafield tag="700" ind1="1" ind2=" ">
    <subfield code="a">Universidad Nacional de Jujuy</subfield>
  </datafield>
  <datafield tag="999" ind1=" " ind2=" ">
    <subfield code="c">4191</subfield>
    <subfield code="d">4191</subfield>
  </datafield>
  <datafield tag="952" ind1=" " ind2=" ">
    <subfield code="0">0</subfield>
    <subfield code="1">0</subfield>
    <subfield code="4">0</subfield>
    <subfield code="7">0</subfield>
    <subfield code="a">BCEJYS</subfield>
    <subfield code="b">BCEJYS</subfield>
    <subfield code="c">16</subfield>
    <subfield code="d">2026-04-07</subfield>
    <subfield code="l">0</subfield>
    <subfield code="o">303.1 U58</subfield>
    <subfield code="p">L119718</subfield>
    <subfield code="r">2026-04-07 15:57:35</subfield>
    <subfield code="w">2026-04-07</subfield>
    <subfield code="y">L</subfield>
  </datafield>
</record>
